Mundos-Antimundos: la antimateria en cosmología

محفوظ في:
التفاصيل البيبلوغرافية
المؤلف الرئيسي: Alfvén, Hannes (مؤلف)
التنسيق: كتاب
اللغة:الإسبانية
منشور في: Santiago Universitaria 1971
الطبعة:2a. ed
سلاسل:Cormorán. El Mundo de la Ciencia
الموضوعات:
الوسوم: إضافة وسم
لا توجد وسوم, كن أول من يضع وسما على هذه التسجيلة!

MARC

LEADER 00000nam a2200000 a 4500
001 UCZ8138
003 CL-VaPUC
008 960112e19710000CL |||||||||||||||||spa|d
082 0 4 |a 113  |b ALF  |2 21 
100 |a Alfvén, Hannes  |e author  |9 353306 
245 1 0 |a Mundos-Antimundos: la antimateria en cosmología 
250 |a 2a. ed 
300 |a 144 p 
942 |c BK 
945 |d 19960112 00:00:00  |a lriquelm 
260 |a Santiago  |b Universitaria  |c 1971 
650 0 |a Cosmología  |9 269138 
650 7 |a NATURALEZA Y ORIGEN DEL UNIVERSO  |2 CL-VaPUC  |9 353307 
650 0 |a Astronomía  |9 260985 
650 0 |a Universo  |9 266563 
650 0 |a Metafísica  |9 265649 
650 7 |a CIENCIAS DEL ESPACIO  |2 CL-VaPUC  |9 346032 
650 0 |a Física   |9 227844 
583 |a last modification  |c 19960112 00:00:00  |k Rodrigo Vera 
490 0 |a Cormorán. El Mundo de la Ciencia 
999 |c 244093  |d 244091 
952 |0 0  |1 0  |4 0  |6 113_000000000000000_ALF_1971  |7 0  |8 A  |9 258028  |a BIBEDU  |b BIBEDU  |d 2019-11-19  |i 1617214  |o 113 ALF 1971  |p 1617214  |r 2019-11-19  |w 2019-11-19  |y BK  |k EDU